Devinez la Capitale Mystère #74 - Statistiques

Statistiques générales
  • Ce quiz a été pris 140 fois
  • Le résultat moyen est 27 sur 32
Statistiques - réponses
Type de Réponse Réponse % Correct
Lettre Trouvée A
99%
Lettre Trouvée I
99%
Lettre de l'Alphabet R
99%
Lettre de l'Alphabet E
97%
Lettre Trouvée O
97%
Lettre Trouvée S
97%
Lettre de l'Alphabet L
96%
Lettre de l'Alphabet M
96%
Lettre de l'Alphabet N
96%
Lettre de l'Alphabet P
96%
Lettre de l'Alphabet B
94%
Lettre de l'Alphabet D
94%
Lettre Bien Placée I
93%
Lettre de l'Alphabet T
92%
Lettre Bien Placée O
90%
Lettre de l'Alphabet U
89%
Lettre de l'Alphabet C
86%
Lettre de l'Alphabet K
86%
Lettre de l'Alphabet H
84%
Lettre de l'Alphabet G
83%
Lettre de l'Alphabet W
75%
Lettre de l'Alphabet V
72%
Lettre de l'Alphabet Y
72%
Lettre de l'Alphabet X
69%
Lettre Bien Placée S
68%
Lettre de l'Alphabet J
67%
Lettre de l'Alphabet Z
67%
Lettre Bien Placée A
65%
Lettre de l'Alphabet Q
62%
Lettre Trouvée F
58%
Lettre Bien Placée F
57%
Capitale Mystère Sofia
57%
Aucun quiz correspondant
Distribution des résultats
% des personnes avec chaque résultat
Percentile par nombre de réponses
Votre historique - résultats
Vous n’avez pas pris ce quiz